| Registos Bibliográficos associados ao registo de autoridade |
|
Etiqueta de registo: 00230nam 2200025 450 001 1822213 003 http://id.bnportugal.gov.pt/bib/catbnp/1822213 010 ## $a978-972-30-1619-2 021 ## $aPT$b347363/12 100 ## $a20121030d2012 a y0pory0103 ba 101 1# $apor$cger 102 ## $aPT 105 ## $aa z 000yy 106 ## $ar 200 1# $aYoucat português$eoração para os jovens$forg. Georg von Lengerke, Dörte Schorömges$gtrad. Cláudia Lobo 210 #9 $aLisboa$cPaulus,$d2012 215 ## $a175 p.$cil.$d21 cm 304 ## $aTít. orig.: Youcat : Jugendgebetbuch 320 ## $aContém bibliografia 675 ## $a272-53-053.6$vBN$zpor$31511030 702 #1 $aLengerke,$bGeorg von$4340$31510853 702 #1 $aSchrömges,$bDörte$4340$31510854 702 #1 $aLobo,$bCláudia$4730$31435801 801 #0 $aPT$bBN$gRPC 856 41 $uhttp://rnod.bnportugal.gov.pt/ImagesBN/winlibimg.aspx?skey=&doc=1822213&img=13167&save=true 900 ## $aBIBNAC$d20121123 966 ## $lBN$mFGMON$sR. 26814 V.$x1 966 ## $lBN$mFGMON$sR. 26814 V.-D$x1
Etiqueta de registo: 00230nam 2200025 450 001 1904254 003 http://id.bnportugal.gov.pt/bib/catbnp/1904254 010 ## $a978-972-30-1619-2 021 ## $aPT$b383652/14 100 ## $a20150626d2013 a y0pory0103 ba 101 1# $apor$cger 102 ## $aPT 105 ## $aa z 001yy 106 ## $ar 200 1# $aYoucat português$eoração para os jovens$forg. Georg von Lengerke, Dörte Schorömges$gtrad. Cláudia Lobo 205 ## $a3ª ed 210 #9 $aLisboa$cPaulus,$d2013 215 ## $a175, [1] p.$cil.$d21 cm 304 ## $aTít. orig.: Youcat : Jugendgebetbuch 320 ## $aContém bibliografia 675 ## $a272-53-053.6$vBN$zpor$31511030 702 #1 $aLengerke,$bGeorg von$4340$31510853 702 #1 $aSchrömges,$bDörte$4340$31510854 702 #1 $aLobo,$bCláudia$4730$31435801 801 #0 $aPT$bBN$gRPC 856 41 $uhttp://rnod.bnportugal.gov.pt/ImagesBN/winlibimg.aspx?skey=&doc=1904254&img=60425&save=true 900 ## $aBIBNAC$d20150811 966 ## $lBN$mFGMON$sR. 28303 V.$x1 966 ## $lBN$mFGMON$sR. 28303 V.-D$x1
Etiqueta de registo: 00230nam 2200025 450 001 2272003 003 http://id.bnportugal.gov.pt/bib/catbnp/2272003 010 ## $a978-972-30-1619-2 021 ## $aPT$b352589/12 100 ## $a20260225e20252013m y0pory01030103ba 101 1# $apor$cger 102 ## $aPT 105 ## $aa z 000yy 106 ## $ar 200 1# $aYoucat português$eoração para os jovens$forg. Georg von Lengerke, Dörte Schorömges$gtrad. Cláudia Lobo 205 ## $a3ª ed.,$b2ª reimp 210 #9 $aLisboa$cPaulus,$d2025 215 ## $a175, [1] p.$cil.$d21 cm 304 ## $aTít. orig.: Youcat : Jugendgebetbuch 675 ## $a272-53-053.6$vBN$zpor$31511030 702 #1 $aLengerke,$bGeorg von$4340$31510853 702 #1 $aSchrömges,$bDörte$4340$31510854 702 #1 $aLobo,$bCláudia$4730$31435801 801 #0 $aPT$bBN$gRPC 856 41 $uhttp://rnod.bnportugal.gov.pt/ImagesBN/winlibimg.aspx?skey=&doc=2272003&img=220046&save=true 900 ## $aBIBNAC$d20260330 966 ## $lBN$mFGMON$sR. 33414 V.$x1 966 ## $lBN$mFGMON$sR. 33414 V.-D$x1 971 ## $ccsilva$d20260225 973 ## $csteixeira$d20260306 975 ## $e0$d20260330$viquintas
|
|
|